| 000 | 00841nmc a2200313 a 4500 | ||
|---|---|---|---|
| 003 | AR-BaBNM | ||
| 005 | 20251128204643.0 | ||
| 008 | 176019s1987 ||||||||||||||000 | spa|| | ||
| 020 | _a950-581-035-2 | ||
| 040 | _cAR-BaBNM | ||
| 100 | 1 | _aObligado, Rafael | |
| 245 | 1 | 0 | _aSantos Vega |
| 260 |
_aBuenos Aires _bColihue _c1987 |
||
| 300 | _a69 p. | ||
| 490 | 0 |
_aLeer y crear _vv. 35 |
|
| 500 | _aContiene índice general | ||
| 500 | _aPropuestas de trabajo para los alumnos | ||
| 500 | _aBiografía del autor | ||
| 504 | _aBibliografía del autor y de la obra | ||
| 650 | 4 | _aLITERATURA ARGENTINA | |
| 650 | 4 | _aTEATRO | |
| 653 | _aLITERATURA GAUCHESCA | ||
| 653 | _aEDUCACION SECUNDARIA | ||
| 655 | _aLITERATURA | ||
| 700 | 1 | _aSánchez, Mónica | |
| 800 | 1 |
_aPetruzzi, Herminia _edirector |
|
| 942 | _cBK | ||
| 998 | _cisola | ||
| 999 |
_c8242 _d8242 |
||